000 00649nam a2200241Ia 4500
003 OSt
005 20221007063347.0
006 a|||||r|||| 00| 0
007 ta
008 221006b |||||||| |||| 00| 0 eng d
024 _a28,412
037 _cTextual
040 _aFLL
_cFLL
_beng
041 _2eng
_aeng
082 _aZ73,81, L7
100 _aAbraham Henry J.
245 0 _aJudiciary the Supreme Court in the Governmental process
250 _a4th
260 _aBoston
_bAllyn and Bacon, Inc. Boston
_c1977
300 _axi,228p
_ccm.
942 _hZ73,81, L7
_cTEXL
_2CC
999 _c1131066
_d1131066